zpět

Detail výsledku týmu

Bounty Rock Cafe, Olomouc

Datum a čas kvízu

32.5 Celkem bodů Celkový počet nahraných bodů na tomto kvízu bez doplňovacích otázek.
5. Pořadí na kvízu Konečné umístění týmu na tomto kvízu.

Zaznamenané odpovědi

# Otázka Odpověď Body Výsledky
1. Česko monitoruje situaci a vyh... Severní Korea 0
2. Minulý týden jsme se dozvěděli... na Novém Zélandu 1
3. Česká národní banka vydala stř... Bedřich Smetana 1
4. Minulý týden byl ohlášen defin... vývojem elektromobilu (automobilu) 0
5. Který zahraniční fotbalista do... Cristiano Ronaldo 0
6. Napište český i latinský název... kost stehenní, femur (os femoris) 1
7. Ve kterém českém městě najdeme... v Brně 0
8. Hlavní postava seriálu Sběrate... Booth 1
9. Kterému zvířeti patří tato kos... hrochovi 1
10. V září roku 2012 byla pod park... Richard III. 1